Statistics for INDIAN ARMY RANKS QUIZ

Click here to take the quiz!

General Stats

  • This quiz has been taken 49 times
  • The average score is 13 of 17

Answer Stats

RANK FULL FORM % Correct
OF-9general
93%
OF-2captain
85%
OF-1lieutenant
85%
OF-5colonel
85%
OF-3major
85%
OF-6brigadier
81%
OF-10field marshal
81%
OF-7major general
78%
OF-8lieutenant general
78%
OR-6subedar
74%
OF-4lieutenant colonel
74%
OR-1sipahi / sepoy
70%
OR-2lance naik
67%
OR-3naik
67%
OR-7subedar major
56%
OR-5naib subedar
56%
OR-4havaldar
56%

Score Distribution

Percentile by Number Answered

Percent of People with Each Score

Your Score History

You have not taken this quiz